000 00641nam a2200193Ia 4500
003 GCL
008 140319s9999 xx 000 0 ara d
040 _aGCL /
_cGCL
082 0 4 _a328.62
_bم م
100 1 _aالمجالس القومية المتخصصة
245 1 0 _aالمجالس القومية المتخصصة 1974 - 1992 /
_cالمجالس القومية المتخصصة
260 _a[S.N] :
_bالمجالس القومية المتخصصة ،
_c1992
300 _a546 ص
490 _a
650 0 4 _aمصر
650 0 4 _aالهيئات التشريعية
650 0 4 _aالمجالس التشريعية
942 _2ddc
_cBK
999 _c54189
_d54189